Podpora podnikateľov prostredníctvom stimulov
Podnikatelia si môžu pri svojej podnikateľskej činnosti uplatniť rôzne formy stimulov. Správne určenie a následná identifikácia stimulov môžu pomôcť pochopiť celý proces a prispieť k zefektívneniu podpory podnikateľskej činnosti na Slovensku. Znalosť stimulov môže poskytnúť vhodnú pomôcku pre samot...
Salvato in:
| Autore principale: | |
|---|---|
| Natura: | Capitolo di libro |
| Lingua: | slovacco |
| Soggetti: | |
| Tags: |
Nessun Tag, puoi essere il primo ad aggiungerne!!
|
MARC
| LEADER | 00000nla a2200000 4500 | ||
|---|---|---|---|
| 001 | 0162488 | ||
| 005 | 20220722094921.3 | ||
| 041 | 0 | |a slo | |
| 044 | |a SK | ||
| 245 | 1 | 0 | |a Podpora podnikateľov prostredníctvom stimulov |c Ladislav Eliaš |
| 520 | |a Podnikatelia si môžu pri svojej podnikateľskej činnosti uplatniť rôzne formy stimulov. Správne určenie a následná identifikácia stimulov môžu pomôcť pochopiť celý proces a prispieť k zefektívneniu podpory podnikateľskej činnosti na Slovensku. Znalosť stimulov môže poskytnúť vhodnú pomôcku pre samotných manažérov a vlastníkov podnikov ako aj pre poskytovateľov podpory. | ||
| 610 | 2 | 0 | |a stimuly ekonomické |
| 610 | 2 | 0 | |a podpora podnikania |
| 610 | 2 | 0 | |a prostredie podnikateľské |
| 610 | 2 | 0 | |a manažéri |
| 610 | 2 | 0 | |a Slovensko |
| 610 | 2 | 0 | |a podnikatelia |
| 100 | 1 | |a Eliaš, Ladislav | |